000
00223nam a2200097Ia 4500
005
20250424120233.0
008
250424s9999 xx 000 0 und d
050
_a
Economics
260
_a
Taylor and Francis Group
650
_a
SR
999
_c
38168
_d
38168